000 00399nam a2200157Ia 4500
008 180921t1983 xxu||||| |||| 00| 0 eng d
041 _aeng
080 _a657.4(1)
_b
100 _aNeedles, Belverd E.
245 _aFinancial accounting
260 _bHoughton mifflin company
_aBoston
_c1983
300 _a823p.,6s25 cm
942 _cBK
999 _c15912
_d15912
003 LK-CoDNM
040 _aLK-CoDNM
_dLK-CoDNM
_eLK-CoDNM